| Tag |
First Indicator |
Second Indicator |
Subfields |
| LEADER |
00000cgm a22000001i 4500 |
| 001 |
in00003587721 |
| 006 |
m o c |
| 007 |
vz uzazuu |
| 007 |
cr una---unuuu |
| 008 |
140909p20142014cau024 o vleng d |
| 005 |
20260324182034.7 |
| 028 |
5 |
2 |
|a 1111158
|b Kanopy
|
| 035 |
|
|
|a (OCoLC)900276054
|
| 035 |
|
|
|a (CaSfKAN)kan1111158
|
| 040 |
|
|
|a UtOrBLW
|b eng
|e rda
|c UtOrBLW
|d UtOrBLW
|
| 043 |
|
|
|a n-us-ny
|a e-uk-en
|a e-it---
|
| 245 |
0 |
0 |
|a Videofashion collections.
|n Volume 5,
|p Spring/Summer 2014 Episode 14 :
|b Paris.
|
| 246 |
3 |
0 |
|a Spring/Summer 2014
|
| 264 |
|
1 |
|a [San Francisco, California, USA] :
|b Kanopy Streaming,
|c 2014.
|
| 300 |
|
|
|a 1 online resource (1 video file, approximately 25 min.) :
|b digital, .flv file, sound
|
| 336 |
|
|
|a two-dimensional moving image
|b tdi
|2 rdacontent
|
| 337 |
|
|
|a computer
|b c
|2 rdamedia
|
| 338 |
|
|
|a online resource
|b cr
|2 rdacarrier
|
| 344 |
|
|
|a digital
|
| 347 |
|
|
|a video file
|b MPEG-4
|b Flash
|
| 500 |
|
|
|a Title from title frames.
|
| 518 |
|
|
|a Originally produced by Videofashion in 2014.
|
| 520 |
|
|
|a In this issue of Videofashion Collections, designer Stella McCartney highlights an understated seduction, playing with transparency and opacity, lace and sporty knitwear. Dries Van Noten thinks about women incorporating world-traveling souvenirs into their wardrobe, such as Loulou de la Falaise and Tamara de Lempicka, while playing with ruffles, pleats and gilding in his collection. Plus, women will feel sexy, tough and absolutely gorgeous wearing Anthony Vaccarello’s Spring 2014 collection that he showed at Paris Fashion Week!
|
| 538 |
|
|
|a Mode of access: World Wide Web.
|
| 600 |
1 |
0 |
|a McCartney, Stella,
|d 1971-
|0 http://id.loc.gov/authorities/names/n2004070968
|
| 600 |
1 |
0 |
|a Noten, Dries van.
|0 http://id.loc.gov/authorities/names/nb99004981
|
| 600 |
1 |
0 |
|a Vaccarello, Anthony.
|
| 650 |
|
0 |
|a Fashion designers.
|0 http://id.loc.gov/authorities/subjects/sh91001411
|
| 650 |
|
0 |
|a Fashion.
|0 http://id.loc.gov/authorities/subjects/sh85047377
|
| 651 |
|
0 |
|a Paris (France)
|0 http://id.loc.gov/authorities/names/n79058874
|
| 655 |
|
7 |
|a Internet videos.
|2 lcgft
|0 http://id.loc.gov/authorities/genreForms/gf2011026337
|
| 655 |
|
7 |
|a Nonfiction films.
|2 lcgft
|0 http://id.loc.gov/authorities/genreForms/gf2011026423
|
| 655 |
|
7 |
|a Feature films.
|2 lcgft
|0 http://id.loc.gov/authorities/genreForms/gf2011026247
|
| 710 |
2 |
|
|a Kanopy (Firm)
|0 http://id.loc.gov/authorities/names/no2014091415
|
| 856 |
4 |
0 |
|u http://proxy.library.tamu.edu/login?url=https://texasam.kanopystreaming.com/node/111159
|z Connect to this streaming video
|t 0
|
| 999 |
f |
f |
|s dac3b90c-2734-3f7d-bc62-078bdc8f2e99
|i f568f9d9-3283-39b1-b65b-45c56caa522a
|t 0
|
| 952 |
f |
f |
|a Texas A&M University
|b College Station
|c Electronic Resources
|s www_evans
|d Available Online
|t 0
|h No information provided
|
| 998 |
f |
f |
|t 0
|l Available Online
|